000 00411nam a22001337a 4500
008 160604b xxu||||| |||| 00| 0 eng d
082 _22008
_aDC 613
_bOk41h
100 _910165
_aOkawa, Ryuho
245 _aHealing yourself:
_bthe true relationship between mind and body/
_cRyuho Okawa.
260 _aTokyo:
_bHappy Science,
_cc2008.
300 _a231 pages;
_c19 cm.
650 0 _910168
_aLifestyle
942 _2ddc
_cDC
999 _c3045
_d3045